000 00239nam a22001217a 4500
041 _aENG
100 _aMike.B
245 _aFermented Fruits and Vegtables
260 _aNew Delhi
_bFAO
_c1998
300 _a96
650 _aFAO
856 _uFAO
999 _c2615
_d2615